A big juicy earthworm /

Hlavní autor: Macurová, Katarína, 1983-
Další autoři: Worthington, Mark, 1966-
Jazyk: Angličtina
Vydáno: Prague : Albatros, [2024]
Témata:
Fyzický popis: 38 nečíslovaných stran : barevné ilustrace ; 25 x 28 cm
Knihy
Uloženo v:
LEADER 01989nam a2200541 i 4500
001 nkc20233564597
003 CZ PrNK
005 20240116124707.0
007 ta
008 231205t20242024xr a a 000 j eng
015 |a cnb003564597 
020 |a 978-80-00-07084-1  |q (Albatros ;  |q vázáno) 
035 |a (OCoLC)1420608105 
040 |a ABG001  |b cze  |d BOA001  |d ABA001  |e rda 
041 1 |a eng  |h slo 
072 7 |a 821.162.4  |x Slovenská literatura  |2 Konspekt  |9 25 
072 7 |a 821-93  |x Literatura pro děti a mládež (beletrie)  |2 Konspekt  |9 26 
080 |a 821.162.4-32  |2 MRF 
080 |a 821-93  |2 MRF 
080 |a (0:82-32)  |2 MRF 
080 |a (0.027.6)74/77  |2 MRF 
100 1 |a Macurová, Katarína,  |d 1983-  |7 hka2014803430  |4 aut  |4 ill 
240 1 0 |a Veľká chutná dážďovka.  |l Anglicky 
245 1 2 |a A big juicy earthworm /  |c Katarína Macurová ; translated by Mark Worthington 
264 1 |a Prague :  |b Albatros,  |c [2024] 
264 4 |c ©2024 
300 |a 38 nečíslovaných stran :  |b barevné ilustrace ;  |c 25 x 28 cm 
336 |a text  |b txt  |2 rdacontent 
336 |a statický obraz  |b sti  |2 rdacontent 
337 |a bez média  |b n  |2 rdamedia 
338 |a svazek  |b nc  |2 rdacarrier 
500 |a Přeloženo ze slovenštiny 
500 |a Vydalo nakladatelství B4U Publishing ve společnosti Albatros Media, a.s. 
655 7 |a slovenské příběhy  |7 fd183398  |2 czenas 
655 7 |a autorské knihy  |7 fd756049  |2 czenas 
655 7 |a publikace pro děti  |7 fd133156  |2 czenas 
655 9 |a Slovak stories  |2 eczenas 
655 9 |a authors' books  |2 eczenas 
655 9 |a children's literature  |2 eczenas 
700 1 |a Worthington, Mark,  |d 1966-  |7 ola20181017899  |4 trl 
910 2 |a BOA001  |b 3-1517.216 
928 9 |a Albatros Media - Albatros 
928 9 |a Albatros Media - B4U Publishing 
928 9 |a B4U Publishing 
990 |a BK 
995 |a 01 
991 |b 202312  |c NOV 
996 6 |b 2610955656  |c 3-1517.216  |l MZK  |r Sklad / do 1 hodiny  |n 0  |p p.v.  |w 001946499  |u 000010  |a 1  |e BOA001  |j MZK50  |s P